THE ELECTRONIC REPUBLIC:THE IMPACT OF TECHNOLOGY ON EDUCATION FOR CITIZENSHIP (Record no. 213740)

MARC details
000 -LEADER
fixed length control field 00432nam a22001457a 4500
008 - FIXED-LENGTH DATA ELEMENTS--GENERAL INFORMATION
fixed length control field 241112b |||||||| |||| 00| 0 eng d
020 ## - INTERNATIONAL STANDARD BOOK NUMBER
International Standard Book Number 9781557535061
050 ## - LIBRARY OF CONGRESS CALL NUMBER
Classification number LC1091.E54 2008
100 ## - MAIN ENTRY--PERSONAL NAME
Personal name VANFOSSEN PHILIP J.
245 ## - TITLE STATEMENT
Title THE ELECTRONIC REPUBLIC:THE IMPACT OF TECHNOLOGY ON EDUCATION FOR CITIZENSHIP
260 ## - PUBLICATION, DISTRIBUTION, ETC.
Place of publication, distribution, etc. INDIANA
Name of publisher, distributor, etc. PURDUE UNIVERSITY PRESS
Date of publication, distribution, etc. 2008
300 ## - PHYSICAL DESCRIPTION
Extent X,239
942 ## - ADDED ENTRY ELEMENTS (KOHA)
Source of classification or shelving scheme Library of Congress Classification
Koha item type Long Loan Book

No items available.